000 00541nam a2200229Ia 4500
003 OSt
005 20260224145034.0
008 210210b1960 xxu||||| |||| 00| 0 eng d
040 _cAL
041 _aEnglish
082 _a861/130
100 _aPANDIT (Prakash)
_9256589
245 _aIkbal and his poems
260 _aDilli
_bRajpal & Sons
_c1960
650 _apoems
_9256590
650 _aIkbAl
_9256591
650 _ahis
_9256592
650 _aand
_9256593
690 _aHindi Poetry
_9256594
906 _a023150
942 _2ddc
_cBK
999 _c148061
_d148061